000 00591nam a22002057a 4500
999 _c3297
_d3297
003 OSt
005 20231114091810.0
008 231114b ||||| |||| 00| 0 eng d
020 _a9789670155982
040 _cKH8
082 _a400 SAY
100 _aSayyidah Nur Fatihah,
_eauthor.
245 _aAyah dan Ibu Kusayang /
_cSayyidah Nur Fatihah.
260 _aShah Alam ;
_bPenerbit Enam,
_c2016.
300 _a24 pages :
_bcolor illustrations ;
_c19 cm x 26 cm.
650 _aDidactic fiction
_vMalay
650 _aCustoms
_vetiquette
830 _aSiri Wacan Pekerti Ilmu
942 _2ddc
_cTR